00324pab a2200121 454500008004000000100002600040245004600066260000900112300001400121362000800135650002100143773003800164180718b2009 xxu||||| |||| 00| 0 eng d aSteinberger, Peter J. aAnalysis and history of political thought c2009 ap.135-46. aFeb aPolitical theory aAmerican Political Science Review